000 02611cam a22003015i 4500
999 _c64276
_d64276
005 20240530110723.0
008 180328s20172017ua bcf g b 001 0beng c
020 _a9789774168437
040 _aEG-CaGPL
_cEG-CaGPL
041 1 _aeng
_htur
082 0 4 _221
_a726.50963 /
_bA E
100 1 _aAnne Fitzgerald, Mary
_eauthor.
245 1 0 _aEthiopia :
_bthe living Churches of an Ancient Kingdom /
_cMary Anne Fitzgerald, Philip Marsden ; Edited by Carolyn Ludwing, Morris Jackson
260 _a :Cairo
_bThe American University in Cairo Press,
_c2017.
300 _a523 p. :
_billustrations, portraits ;
_c24 cm
504 _aIncludes bibliographical references and index.
650 0 7 _aChurches Buildings
_zEthiopia.
_2qrmak
700 1 _aMarsden, Philip
_eauthor
700 1 _aLudwing, Carolyn
_eEditor
700 1 _aJackson,Morris
_eEditor
942 _2ddc
_cBK
520 _a"Twice a princess, twice exiled, Neslishah Sultan had an eventful life. When she was born in Istanbul in 1921, cannons were fired in the four corners of the Ottoman Empire, commemorative coins were issued in her name, and her birth was recorded in the official register of the palace. After all, she was an imperial princess and the granddaughter of Sultan Vahiddedin. But she was the last member of the imperial family to be accorded such honors: in 1922 Vahiddedin was deposed and exiled, replaced as caliph--but not as sultan--by his brother (and Neslishah's other grandfather) Abdulmecid; in 1924 Abdulmecid was also removed from office, and the entire imperial family, including three-year-old Neslishah, were sent into exile. Sixteen years later on her marriage to Prince Abdel Moneim, the son of the last khedive of Egypt, she became a princess of the Egyptian royal family. And when in 1952 her husband was appointed regent for Egypt's infant king, she took her place at the peak of Egyptian society as the country's first lady, until the abolition of the monarchy the following year. Exile followed once more, this time from Egypt, after the royal couple faced charges of treason. Eventually Neslishah was allowed to return to the city of her birth, where she died at the age of 91 in 2012. Based on original documents and extensive personal interviews, this account of one woman's extraordinary life is also the story of the end of two powerful dynasties thirty years apart."--
546 _aIn English; translated from the original Turkish.
655 7 _aBiographies.
_2lcgft
906 _a0
_bibc
_cpccadap
_d2
_encip
_f20
_gy-gencatlg